| Tag |
First Indicator |
Second Indicator |
Subfields |
| LEADER |
00000pam a2200000 a 4500 |
| 001 |
in00000528158 |
| 005 |
20160202091228.0 |
| 008 |
830117s1983 ilu 00010 eng |
| 010 |
|
|
|a 83001163
|
| 020 |
|
|
|a 0226244709 (pbk.) :
|c $4.95
|
| 020 |
|
|
|a 0226244695 :
|c $10.00
|
| 035 |
|
|
|a (OCoLC)09196881
|
| 035 |
|
|
|9 ACH0163AM
|
| 039 |
0 |
|
|a 2
|b 3
|c 3
|d 3
|e 3
|
| 040 |
|
|
|a DLC
|c DLC
|d TXA
|d UtOrBLW
|
| 049 |
|
|
|a TXAM
|c [1121094]
|
| 050 |
0 |
0 |
|a PS3511.E74
|b S8 1983
|
| 082 |
0 |
|
|a 811/.54
|2 19
|
| 100 |
1 |
|
|a Ferry, David,
|d 1924-
|
| 245 |
1 |
0 |
|a Strangers :
|b a book of poems /
|c David Ferry.
|
| 264 |
|
1 |
|a Chicago :
|b University of Chicago Press,
|c 1983.
|
| 300 |
|
|
|a 54 pages ;
|c 22 cm.
|
| 336 |
|
|
|a text
|b txt
|2 rdacontent
|
| 337 |
|
|
|a unmediated
|b n
|2 rdamedia
|
| 338 |
|
|
|a volume
|b nc
|2 rdacarrier
|
| 490 |
1 |
|
|a Phoenix poets
|
| 830 |
|
0 |
|a Phoenix poets.
|
| 999 |
|
|
|a MARS
|
| 999 |
f |
f |
|s b2d89093-cd05-3f5a-88e5-1ffbd018bc0c
|i 30d6ceb6-c16d-3933-9304-b8112a7cd690
|t 0
|
| 952 |
f |
f |
|p ric
|a Texas A&M University
|b Rellis Campus
|c Joint Library Facility
|d Remote Storage
|t 0
|e PS3511.E74 S8 1983
|h Library of Congress classification
|i unmediated -- volume
|m A14807422836
|
| 998 |
f |
f |
|a PS3511.E74 S8 1983
|t 0
|l Remote Storage
|